Films avec le plus d'entrées en France en 2024 - Statistiques

Statistiques générales
  • Ce quiz a été pris 137 fois
  • Le résultat moyen est 3 sur 10
Statistiques - réponses
Entrées Film % Correct
10,2 millions Un p'tit truc en plus
88%
7,2 millions Le Comte de Monte-Cristo
81%
8,1 millions Vice Versa 2
45%
4,2 millions Dune : deuxième partie
38%
3,18 millions Deadpool & Wolverine
17%
3,96 millions Moi, moche et méchant 4
12%
2,4 millions La Planète des Singes : Le nouveau royaume
8%
1,95 millions Cocorico
7%
2 millions Bob Marley : One Love
6%
2,4 millions Kung Fu Panda 4
5%
Aucun quiz correspondant
Distribution des résultats
% des personnes avec chaque résultat
Percentile par nombre de réponses
Votre historique - résultats
Vous n’avez pas pris ce quiz